[Event "MCR_CF05"]
[Site "?"]
[Date "2005.??.??"]
[Round "?"]
[White "Voboril, Pavel"]
[Black "Fuka, Miroslav"]
[Result "1/2-1/2"]
[WhiteElo "2008"]
[BlackElo "2078"]
[PlyCount "33"]
[EventDate "2005.??.??"]
[EventType "corr"]
[EventRounds "2"]

1. e4 e5 2. Nf3 Nc6 3. Be2 Nf6 4. d3 Be7 5. c3 O-O 6. Qc2 h6 7. O-O d6 8. h3
Nh7 9. d4 Qe8 10. Bb5 exd4 11. cxd4 Bd7 12. Nc3 Nb4 13. Qe2 Bxb5 14. Nxb5 Na6
15. Bf4 f5 16. e5 d5 17. Rfe1 1/2-1/2

[Event "MCR_CF05"]
[Site "?"]
[Date "2005.??.??"]
[Round "?"]
[White "Voboril, Pavel"]
[Black "Kudr, Roman"]
[Result "1/2-1/2"]
[WhiteElo "2008"]
[BlackElo "1987"]
[PlyCount "53"]
[EventDate "2005.??.??"]
[EventType "corr"]
[EventRounds "2"]

1. e4 c6 2. Nf3 d5 3. exd5 cxd5 4. d4 Nc6 5. c3 Bg4 6. Nbd2 Nf6 7. Bd3 e6 8. h3
Bh5 9. Qe2 Bd6 10. O-O O-O 11. g4 Bg6 12. Bxg6 hxg6 13. Ne5 Qc7 14. f4 Kh7 15.
Rf3 Rh8 16. g5 Ne8 17. Qd3 Kg8 18. Nf1 a5 19. b3 a4 20. b4 Na7 21. Bd2 Rc8 22.
Re1 Qe7 23. Kg2 Nc7 24. Ng3 b5 25. Nh1 Na8 26. Nf2 Nb6 27. Nfg4 1/2-1/2

[Event "MCR_CF05"]
[Site "?"]
[Date "2005.??.??"]
[Round "?"]
[White "Voboril, Pavel"]
[Black "Portych, Vaclav"]
[Result "0-1"]
[WhiteElo "2008"]
[BlackElo "2024"]
[PlyCount "38"]
[EventDate "2005.??.??"]
[EventType "corr"]
[EventRounds "2"]

1. e4 c5 2. Nf3 Nc6 3. Bb5 g6 4. O-O Bg7 5. Re1 Nf6 6. Bxc6 dxc6 7. h3 O-O 8.
d3 Ne8 9. Nc3 Nc7 10. Be3 Ne6 11. Qd2 Nd4 12. Bxd4 cxd4 13. Nd1 e5 14. a4 a5
15. c4 Qf6 16. Qg5 Qxg5 17. Nxg5 f6 18. Nf3 Be6 19. Kf1 b5 0-1

[Event "MCR_CF05"]
[Site "?"]
[Date "2005.??.??"]
[Round "?"]
[White "Voboril, Pavel"]
[Black "Trita, Stanislav"]
[Result "1/2-1/2"]
[WhiteElo "2008"]
[BlackElo "2170"]
[PlyCount "27"]
[EventDate "2005.??.??"]
[EventType "corr"]
[EventRounds "2"]

1. e4 e6 2. Nf3 d5 3. e5 c5 4. c3 Nc6 5. d4 Qb6 6. Be2 cxd4 7. cxd4 Nh6 8. Na3
Bxa3 9. bxa3 Nf5 10. Be3 Qa5+ 11. Qd2 Nxe3 12. fxe3 Qxd2+ 13. Kxd2 f6 14. Bb5
1/2-1/2

[Event "MCR_CF05"]
[Site "?"]
[Date "2005.??.??"]
[Round "?"]
[White "Voboril, Pavel"]
[Black "Zavadil, Jaroslav"]
[Result "1/2-1/2"]
[WhiteElo "2008"]
[BlackElo "2125"]
[PlyCount "53"]
[EventDate "2005.??.??"]
[EventType "corr"]
[EventRounds "2"]

1. e4 e5 2. Nf3 Nc6 3. Be2 Nf6 4. d3 d5 5. Nbd2 Be7 6. c3 O-O 7. Qc2 a5 8. O-O
Be6 9. Re1 Re8 10. Nf1 a4 11. Ng3 d4 12. cxd4 exd4 13. Ng5 Rf8 14. Nxe6 fxe6
15. f4 Qd7 16. h3 Nb4 17. Qd1 Kh8 18. Nf1 Nc6 19. g4 e5 20. f5 Ne8 21. Kg2 Bh4
22. Ng3 Nd6 23. Rf1 Qe7 24. Rf3 Bg5 25. Bxg5 Qxg5 26. a3 Kg8 27. Rc1 1/2-1/2

[Event "MCR_CF05"]
[Site "?"]
[Date "2005.??.??"]
[Round "?"]
[White "Zavadil, Jaroslav"]
[Black "Dlouhy, Radek"]
[Result "1/2-1/2"]
[WhiteElo "2125"]
[BlackElo "2171"]
[PlyCount "47"]
[EventDate "2005.??.??"]
[EventType "corr"]
[EventRounds "2"]

1. e4 e5 2. Nf3 Nc6 3. Bc4 Nf6 4. d4 exd4 5. O-O Nxe4 6. Re1 d5 7. Bxd5 Qxd5 8.
Nc3 Qa5 9. Nxe4 Be6 10. Neg5 O-O-O 11. Nxe6 fxe6 12. Rxe6 Bd6 13. Bg5 Rde8 14.
Qe2 Ne5 15. Nxd4 Rxe6 16. Nxe6 Re8 17. Bd2 Nf3+ 18. Qxf3 Qxd2 19. Qf7 Re7 20.
Qf5 g6 21. Qg4 h5 22. Qc4 Kd7 23. Nf8+ Ke8 24. Ne6 1/2-1/2

[Event "MCR_CF05"]
[Site "?"]
[Date "2005.??.??"]
[Round "?"]
[White "Zavadil, Jaroslav"]
[Black "Fuka, Miroslav"]
[Result "1/2-1/2"]
[WhiteElo "2125"]
[BlackElo "2078"]
[PlyCount "93"]
[EventDate "2005.??.??"]
[EventType "corr"]
[EventRounds "2"]

1. e4 e5 2. Nf3 d6 3. d4 Nf6 4. Nc3 exd4 5. Qxd4 Be7 6. Bb5+ Bd7 7. Bxd7+ Qxd7
8. Qb4 c6 9. Qd4 d5 10. exd5 cxd5 11. O-O Nc6 12. Qa4 O-O 13. Bg5 h6 14. Bh4
Rad8 15. Rfe1 Rfe8 16. h3 g5 17. Bg3 Bf8 18. Rxe8 Rxe8 19. Rd1 Bg7 20. Qb5 d4
21. Ne2 a6 22. Qd3 Qe6 23. Nexd4 Nxd4 24. Nxd4 Qxa2 25. b3 Nh5 26. Nf5 Nxg3 27.
fxg3 Qa5 28. Kh2 Bf8 29. Qf3 Qc7 30. Rf1 b5 31. Ne3 Bg7 32. c4 Be5 33. Nd5 Qd7
34. Kh1 Qe6 35. Re1 Rc8 36. Qe3 f6 37. Rf1 Rf8 38. g4 bxc4 39. bxc4 Kg7 40. Rd1
Rb8 41. Qa3 Re8 42. Qc5 Bb8 43. Qf2 Qe5 44. Qg1 a5 45. Rf1 Re6 46. Ra1 Qg3 47.
Rc1 1/2-1/2

[Event "MCR_CF05"]
[Site "?"]
[Date "2005.??.??"]
[Round "?"]
[White "Zavadil, Jaroslav"]
[Black "Kudr, Roman"]
[Result "1-0"]
[WhiteElo "2125"]
[BlackElo "1987"]
[PlyCount "67"]
[EventDate "2005.??.??"]
[EventType "corr"]
[EventRounds "2"]

1. e4 c6 2. d4 d5 3. Nc3 dxe4 4. Nxe4 Nd7 5. Nf3 Ngf6 6. Ned2 e6 7. Bd3 c5 8.
c3 Be7 9. O-O O-O 10. Nc4 b6 11. Bf4 Bb7 12. Qe2 a6 13. a4 Ra7 14. Rfd1 Qa8 15.
dxc5 Bxf3 16. gxf3 bxc5 17. Bg3 Rd8 18. Rd2 Nd5 19. f4 Nf8 20. Rad1 Ng6 21. Qe4
Nf6 22. Qxa8 Raxa8 23. f5 exf5 24. Bxf5 Nf8 25. Rxd8 Rxd8 26. Re1 Re8 27. Bd3
Ne6 28. Ne5 a5 29. Bb5 Ra8 30. Bc4 Ng5 31. Re2 Kf8 32. h4 Nge4 33. Nxf7 Nd7 34.
Rxe4 1-0

[Event "MCR_CF05"]
[Site "?"]
[Date "2005.??.??"]
[Round "?"]
[White "Zavadil, Jaroslav"]
[Black "Portych, Vaclav"]
[Result "0-1"]
[WhiteElo "2125"]
[BlackElo "2024"]
[PlyCount "116"]
[EventDate "2005.??.??"]
[EventType "corr"]
[EventRounds "2"]

1. e4 c5 2. Nf3 Nc6 3. d4 cxd4 4. Nxd4 Nf6 5. Nc3 e5 6. Ndb5 d6 7. Bg5 a6 8.
Na3 b5 9. Bxf6 gxf6 10. Nd5 f5 11. exf5 Bxf5 12. c3 Bg7 13. Nc2 O-O 14. a4 Be6
15. axb5 axb5 16. Rxa8 Qxa8 17. Nc7 Qa2 18. Bxb5 Qxb2 19. O-O Bb3 20. Bxc6 Qxc2
21. Qxc2 Bxc2 22. Ne8 Bb3 23. Rb1 Be6 24. Rd1 d5 25. Nxg7 Kxg7 26. Bxd5 Kf6 27.
Bxe6 Kxe6 28. Kf1 f5 29. Ke2 Rc8 30. Kd2 Ra8 31. Ke3 Ra3 32. Rc1 h5 33. h3 h4
34. g3 hxg3 35. fxg3 Ra2 36. h4 Rh2 37. c4 f4+ 38. Kf3 Rh3 39. Rg1 Kf5 40. c5
e4+ 41. Kf2 f3 42. Ke3 Rh2 43. Re1 Ke5 44. c6 Rc2 45. h5 Rxc6 46. Kf2 Rc2+ 47.
Ke3 Rh2 48. h6 Rxh6 49. Rb1 Rd6 50. Rb5+ Rd5 51. Rb3 Kf5 52. g4+ Kxg4 53. Rb7
Rd1 54. Rg7+ Kh3 55. Rh7+ Kg2 56. Rg7+ Kf1 57. Kxe4 f2 58. Kf3 Rd3+ 0-1

[Event "MCR_CF05"]
[Site "?"]
[Date "2005.??.??"]
[Round "?"]
[White "Zavadil, Jaroslav"]
[Black "Trita, Stanislav"]
[Result "0-1"]
[WhiteElo "2125"]
[BlackElo "2170"]
[PlyCount "132"]
[EventDate "2005.??.??"]
[EventType "corr"]
[EventRounds "2"]

1. e4 e6 2. d4 d5 3. Nc3 dxe4 4. Nxe4 Nd7 5. Nf3 Ngf6 6. Nxf6+ Nxf6 7. Bd3 c5
8. dxc5 Bxc5 9. Qe2 O-O 10. O-O h6 11. Bf4 b6 12. Rad1 Qe7 13. Nd2 Bb7 14. Nb3
Nd5 15. Be5 Bd6 16. f4 Rad8 17. Be4 a5 18. Kh1 Bxe5 19. fxe5 Qg5 20. Nd4 Ba8
21. Rfe1 Nf4 22. Qf2 Bxe4 23. Rxe4 Ng6 24. Rde1 Rd5 25. Nf3 Qd8 26. c3 Rd1 27.
Rxd1 Qxd1+ 28. Re1 Qd8 29. Qe2 Qc7 30. Rd1 Rd8 31. h3 Nf4 32. Rxd8+ Qxd8 33.
Qf2 Nd3 34. Qe2 Qd5 35. b3 Qe4 36. Qxe4 Nf2+ 37. Kh2 Nxe4 38. c4 Kf8 39. g4 Ke7
40. Kg2 Kd7 41. Kf1 Kc6 42. Ke2 Nc3+ 43. Kd3 Nxa2 44. g5 Nc1+ 45. Kc2 Ne2 46.
gxh6 gxh6 47. Kd2 Nf4 48. h4 Kc5 49. Kc3 b5 50. cxb5 Kxb5 51. Kb2 Kb4 52. Ne1
h5 53. Nf3 Ng6 54. Ka2 Kc5 55. Ka3 Kd5 56. Ka4 Nxe5 57. Ng1 f5 58. Ne2 Ng6 59.
Ng3 f4 60. Nxh5 f3 61. b4 axb4 62. Kxb4 Kd4 63. Ng3 Nxh4 64. Kb3 e5 65. Kc2 e4
66. Kd2 e3+ 0-1

[Event "MCR_CF05"]
[Site "?"]
[Date "2005.??.??"]
[Round "?"]
[White "Zavadil, Jaroslav"]
[Black "Voboril, Pavel"]
[Result "1-0"]
[WhiteElo "2125"]
[BlackElo "2008"]
[PlyCount "55"]
[EventDate "2005.??.??"]
[EventType "corr"]
[EventRounds "2"]

1. e4 c5 2. Nf3 e6 3. d4 cxd4 4. Nxd4 a6 5. Nc3 Qc7 6. Nf3 b5 7. Bd3 Nc6 8. O-O
Bb7 9. Re1 d6 10. a3 Nf6 11. Bf4 Be7 12. e5 dxe5 13. Nxe5 Nxe5 14. Bxe5 Qc6 15.
Ne4 Rd8 16. Qf3 Nd7 17. Bxg7 Rg8 18. Bc3 Nc5 19. Bf6 Rg6 20. Bxe7 Kxe7 21. Qe3
Nxd3 22. cxd3 Qd5 23. Rac1 f5 24. Rc5 Qxd3 25. Rc7+ Kf8 26. Qc5+ Kg8 27. Qe7
Rxg2+ 28. Kh1 1-0